Calculations for molecular biology and biotechnology (Registro nro. 23552)

Detalles MARC
000 -Cabecera
Campo de control interno 00459nam a2200181Ia 4500
005 - Fecha y hora del registro
control field 20260414150945.0
008 - Elementos de Longitud Fija
fixed length control field 260414t2016||||xx |||||||||||||| ||spa||
041 ## - Idioma
Codigo Idioma ESP
082 ## - DEWEY y NOTACIÓN INTERNA
Dewey 660.6
Notación Interna S79
100 ## - AUTOR
Autor denominación Stephenson, Frank H.,
Término de relación autor
245 #0 - TÍTULO DE MATERIAL BIBLIOGRÁFICO
Título Calculations for molecular biology and biotechnology
Título paralelo
260 ## - CIUDAD, EDITORIAL, AÑO
Año 2016
300 ## - DESCRIPCIÓN
N° Páginas xiii, 481 páginas :
Dimensiones 24 cm.
650 ## - TEMAS
Temas Medicina
654 ## - PROGRAMAS
Programa Dpto. de Ciencias de la Salud
942 ## - ELEMENTOS DE KOHA
Tipo de documento Libro
Nombre del creador Justo Noguera
Código de catalogador Justo Noguera
Esquema de clasificación Dewey Decimal Classification
Suppress in OPAC
Existencias
Codigo completo Registro Colección Copia número Disponibilidad Tipo de préstamo Biblioteca Actual Procedencia (Biblioteca) Ubicacón Fecha Ingreso Tipo de Adquisición Date last seen Total checkouts Price effective from Tipo de Item Estado del Material Damaged status Withdrawn status
660.6 S79 1081788 Universidad Católica San Pablo 1 Disponible Disponible Víctor Andrés Belaunde Víctor Andrés Belaunde Planta baja abierta 14/04/2026 Compra 14/04/2026   14/04/2026 Libro Bueno